Historia del sínodo de América: asamblea especial para América
Saved in:
| Hovedforfatter: | |
|---|---|
| Format: | Bog |
| Sprog: | spansk |
| Udgivet: |
Ciudad de México
Nueva Evangelización
1999
|
| Fag: | |
| Tags: |
Tilføj Tag
Ingen Tags, Vær først til at tagge denne postø!
|
MARC
| LEADER | 00000nam a2200000 a 4500 | ||
|---|---|---|---|
| 001 | UCM9281 | ||
| 003 | CL-VaPUC | ||
| 008 | 030417e19990000MX |||||||||||||||||spa|d | ||
| 082 | 0 | 4 | |a 262.9 |b GAR |2 21 |
| 100 | |a García González, Javier |e author |9 603701 | ||
| 245 | 1 | 0 | |a Historia del sínodo de América: asamblea especial para América |
| 300 | |a 837 p | ||
| 942 | |c BK | ||
| 945 | |d 20030417 00:00:00 |a cmena | ||
| 260 | |a Ciudad de México |b Nueva Evangelización |c 1999 | ||
| 650 | 0 | |a Derecho eclesiástico |9 255055 | |
| 650 | 0 | |a Historia de la iglesia |9 257565 | |
| 650 | 7 | |a EVANGELIZACION |2 CL-VaPUC |9 475713 | |
| 651 | 0 | |a América |9 255182 | |
| 583 | |a last modification |c 20030417 00:00:00 |k Rodrigo Vera | ||
| 999 | |c 303603 |d 303601 | ||
| 952 | |0 0 |1 0 |4 0 |6 262_900000000000000_GAR_1999 |7 0 |8 DER_HDC |9 365064 |a BIBDER |b BIBDER |d 2019-11-21 |i 3897680 |o 262.9 GAR 1999 |p 3897680 |r 2023-01-25 |w 2019-11-21 |x Ubicación 4to Piso |y BK |z Estos recursos deben solicitarse con anticipación |k DER | ||